Côte est de l'Asie - Statistiques

Statistiques générales
  • Ce quiz a été pris 86 fois
  • Le résultat moyen est 8 sur 9
Statistiques - réponses
Réponse % Correct
Chine
97%
Corée du Sud
95%
Corée du Nord
94%
Vietnam
94%
Thaïlande
88%
Cambodge
87%
Russie
84%
Malaisie
73%
Singapour
71%
Aucun quiz correspondant
Distribution des résultats
% des personnes avec chaque résultat
Percentile par nombre de réponses
Votre historique - résultats
Vous n’avez pas pris ce quiz